[Event "2. Bundesliga Ost 2015/2016"]
[Site "Stockerau"]
[Date "2016.04.02"]
[Round "9"]
[Board "6"]
[White "Bachofner, Andreas"]
[Black "Gockner, Martin"]
[Result "1/2-1/2"]
[WhiteElo "2201"]
[BlackElo "1911"]
[PlyCount "71"]
[EventDate "2015.10.17"]
[EventType "team"]
[EventRounds "11"]
[EventCountry "AUT"]
[WhiteTeam "Blackburne Nickelsdorf"]
[BlackTeam "SC Donaustadt"]

1. e4 c5 2. Nf3 Nc6 3. Nc3 g6 4. d4 cxd4 5. Nxd4 Bg7 6. Be3 d6 7. Qd2 Bd7 8.
O-O-O Rc8 9. f3 Ne5 10. Kb1 a6 11. Nb3 Nf6 12. Bh6 O-O 13. Bxg7 Kxg7 14. f4 Nc6
15. h3 b5 16. Qe3 Qc7 17. Bd3 Nb4 18. e5 dxe5 19. fxe5 Nfd5 20. Nxd5 Nxd5 21.
Qd4 Be6 22. h4 Qb6 23. Rd2 Qxd4 24. Nxd4 Bg4 25. Be4 Ne3 26. b3 Rfd8 27. Re1
Nf5 28. Bxf5 Bxf5 29. Nxf5+ gxf5 30. Kc1 Rxd2 31. Kxd2 Rd8+ 32. Kc3 Rc8+ 33.
Kd3 Rd8+ 34. Kc3 Rc8+ 35. Kd3 Rd8+ 36. Kc3 1/2-1/2

[Event "2. Bundesliga Ost 2015/2016"]
[Site "Stockerau"]
[Date "2016.04.02"]
[Round "9"]
[Board "1"]
[White "Polak, Tomas"]
[Black "Michalik, Peter"]
[Result "1/2-1/2"]
[WhiteElo "2525"]
[BlackElo "2578"]
[PlyCount "61"]
[EventDate "2015.10.17"]
[EventType "team"]
[EventRounds "11"]
[EventCountry "AUT"]
[WhiteTeam "SK Hietzing"]
[BlackTeam "ASVOE Pamhagen"]

1. d4 Nf6 2. c4 e6 3. Nf3 c6 4. Nc3 d5 5. e3 Nbd7 6. Qc2 Bd6 7. b3 b6 8. Be2
Bb7 9. Bb2 O-O 10. O-O Qe7 11. Rad1 Rad8 12. Rfe1 Rfe8 13. h3 h6 14. e4 Nxe4
15. Nxe4 dxe4 16. Qxe4 Ba3 17. Ba1 Bb4 18. Rf1 f5 19. Qh4 Qxh4 20. Nxh4 Nf6 21.
Bb2 c5 22. dxc5 Bxc5 23. Bxf6 gxf6 24. Bh5 Rxd1 25. Rxd1 Re7 26. Ng6 Rc7 27.
Rd8+ Kh7 28. Nf4 Bc8 29. Bf7 Rxf7 30. Rxc8 Bd6 31. g3 1/2-1/2

[Event "2. Bundesliga Ost 2015/2016"]
[Site "Stockerau"]
[Date "2016.04.02"]
[Round "9"]
[Board "2"]
[White "Lipka, Juraj"]
[Black "Vyskocil, Neklan"]
[Result "1-0"]
[WhiteElo "2411"]
[BlackElo "2364"]
[PlyCount "139"]
[EventDate "2015.10.17"]
[EventType "team"]
[EventRounds "11"]
[EventCountry "AUT"]
[WhiteTeam "ASVOE Pamhagen"]
[BlackTeam "SK Hietzing"]

1. d4 Nf6 2. c4 e6 3. g3 d5 4. Nf3 Be7 5. Bg2 O-O 6. O-O c6 7. Qc2 Nbd7 8. Nbd2
b6 9. e4 dxe4 10. Nxe4 Nxe4 11. Qxe4 Bb7 12. Rd1 Qc7 13. Bf4 Qc8 14. Ne5 Nxe5
15. Bxe5 Rd8 16. Rac1 Qd7 17. Bf3 Rac8 18. c5 Qe8 19. b4 Ba6 20. h4 Bb5 21. Qc2
bxc5 22. bxc5 Rd7 23. a4 Ba6 24. Qc3 Bd8 25. Rb1 Rb7 26. Rxb7 Bxb7 27. Be2 Bf6
28. Qa5 Ra8 29. Bxf6 gxf6 30. Qc7 Bc8 31. Bf3 Bd7 32. Rb1 Rc8 33. Qxa7 e5 34.
dxe5 fxe5 35. Re1 f6 36. Bh5 Qxh5 37. Qxd7 Qe8 38. Qxe8+ Rxe8 39. a5 Ra8 40.
Ra1 Kf7 41. Kg2 h5 42. Kf3 f5 43. Ke3 Ke6 44. Rd1 Rxa5 45. Rd6+ Ke7 46. Rxc6
Ra3+ 47. Ke2 Ra2+ 48. Kf1 Rc2 49. Rc7+ Ke6 50. c6 Kd5 51. Rf7 Ke6 52. Rh7 Rxc6
53. Rxh5 Rc2 54. Rg5 Kf6 55. Rg8 Kf7 56. Rb8 e4 57. h5 Rc1+ 58. Kg2 Kg7 59. Rb6
Rc2 60. h6+ Kh7 61. Kf1 Rc5 62. Rf6 Ra5 63. Ke2 Kg8 64. Ke3 Kh7 65. Kf4 Ra2 66.
Kg5 e3 67. fxe3 Rg2 68. Rf7+ Kh8 69. Kxf5 Rxg3 70. e4 1-0

[Event "2. Bundesliga Ost 2015/2016"]
[Site "Stockerau"]
[Date "2016.04.02"]
[Round "9"]
[Board "3"]
[White "Penz, Harald"]
[Black "Maslik, Miroslav"]
[Result "0-1"]
[WhiteElo "2329"]
[BlackElo "2333"]
[PlyCount "48"]
[EventDate "2015.10.17"]
[EventType "team"]
[EventRounds "11"]
[EventCountry "AUT"]
[WhiteTeam "SK Hietzing"]
[BlackTeam "ASVOE Pamhagen"]

1. e4 g6 2. d4 Bg7 3. Nc3 d6 4. Be2 a6 5. f4 Nd7 6. e5 c5 7. exd6 cxd4 8. Ne4
Nc5 9. dxe7 Nxe7 10. Nxc5 Qa5+ 11. Qd2 Qxc5 12. b4 Qb6 13. Bb2 Nd5 14. O-O-O
Nxb4 15. Bc4 O-O 16. Bxd4 Bxd4 17. Qxd4 Qa5 18. Qb2 Bf5 19. Nf3 Rac8 20. Ne5
Nxc2 21. Nxf7 Rxf7 22. Bxf7+ Kxf7 23. Qxb7+ Rc7 24. Qb3+ Be6 0-1

[Event "2. Bundesliga Ost 2015/2016"]
[Site "Stockerau"]
[Date "2016.04.02"]
[Round "9"]
[Board "4"]
[White "Vitouch, Anatol"]
[Black "Todor, Razvan"]
[Result "1/2-1/2"]
[WhiteElo "2254"]
[BlackElo "2153"]
[PlyCount "63"]
[EventDate "2015.10.17"]
[EventType "team"]
[EventRounds "11"]
[EventCountry "AUT"]
[WhiteTeam "ASVOE Pamhagen"]
[BlackTeam "SK Hietzing"]

1. g3 e5 2. c4 c6 3. d4 e4 4. Nc3 d5 5. cxd5 cxd5 6. Bg2 Nc6 7. f3 exf3 8. Nxf3
Bb4 9. O-O Nge7 10. Qb3 O-O 11. Bf4 h6 12. Ne5 Bd6 13. e3 Bxe5 14. Bxe5 Nxe5
15. dxe5 Qc7 16. Nxd5 Qxe5 17. Qc3 Ng6 18. Qxe5 Nxe5 19. Rac1 Rd8 20. Rc7 Kf8
21. Rfc1 Be6 22. Nf4 Bxa2 23. Bxb7 Rab8 24. Ra1 Bc4 25. Rxa7 Rd1+ 26. Kg2 Bf1+
27. Kf2 Ng4+ 28. Kf3 Nxh2+ 29. Kf2 Ng4+ 30. Kf3 Nh2+ 31. Kf2 Ng4+ 32. Kf3
 1/2-1/2

[Event "2. Bundesliga Ost 2015/2016"]
[Site "Stockerau"]
[Date "2016.04.02"]
[Round "9"]
[Board "5"]
[White "Wagner, Stefan"]
[Black "Kuthan, Andreas"]
[Result "1-0"]
[WhiteElo "2145"]
[BlackElo "2214"]
[PlyCount "59"]
[EventDate "2015.10.17"]
[EventType "team"]
[EventRounds "11"]
[EventCountry "AUT"]
[WhiteTeam "SK Hietzing"]
[BlackTeam "ASVOE Pamhagen"]

1. c4 Nf6 2. g3 g6 3. Bg2 Bg7 4. Nc3 O-O 5. e4 d6 6. Nge2 e5 7. O-O Be6 8. d3
c6 9. h3 Qd7 10. Kh2 Na6 11. Be3 Nc7 12. f4 h5 13. c5 exf4 14. gxf4 dxc5 15.
Bxc5 Rfd8 16. d4 Bc4 17. f5 gxf5 18. Rxf5 Ne6 19. Qf1 b6 20. e5 Nd5 21. Bxd5
Bxd5 22. Bd6 Qb7 23. Rxh5 Nxd4 24. Nxd4 Rxd6 25. exd6 Bxd4 26. Nxd5 cxd5 27.
Qg2+ Kf8 28. Rxd5 Bc5 29. Qg5 Re8 30. Qh6+ 1-0

[Event "2. Bundesliga Ost 2015/2016"]
[Site "Stockerau"]
[Date "2016.04.02"]
[Round "9"]
[Board "6"]
[White "Horvath, Dominik"]
[Black "Stadler, Peter"]
[Result "1-0"]
[WhiteElo "2203"]
[BlackElo "2142"]
[PlyCount "129"]
[EventDate "2015.10.17"]
[EventType "team"]
[EventRounds "11"]
[EventCountry "AUT"]
[WhiteTeam "ASVOE Pamhagen"]
[BlackTeam "SK Hietzing"]

1. Nf3 g6 2. e4 Bg7 3. d4 d6 4. Be2 Nd7 5. O-O e5 6. Nc3 Ngf6 7. Be3 O-O 8. Qd2
Re8 9. dxe5 dxe5 10. Rad1 c6 11. Qc1 Qc7 12. Nd2 Nc5 13. f3 Ne6 14. Nc4 Nd4 15.
Bd3 Rd8 16. Ne2 b6 17. c3 Nxe2+ 18. Bxe2 Ne8 19. Rxd8 Qxd8 20. Rd1 Qe7 21. a4
Be6 22. a5 b5 23. Nd2 Bf8 24. Qc2 Qc7 25. b4 c5 26. Qb2 a6 27. Rc1 Rc8 28. Nb3
Bxb3 29. Qxb3 c4 30. Qc2 Qc6 31. Rd1 Nf6 32. Qd2 Be7 33. Bb6 Qe6 34. g3 Rc6 35.
Qe3 Rd6 36. Rxd6 Bxd6 37. Bc5 Kg7 38. Bf1 Nd7 39. Bxd6 Qxd6 40. Be2 h6 41. f4
Kh7 42. Bg4 Nf6 43. Bf3 Nd7 44. Kf2 Kg7 45. Ke2 h5 46. Qd2 Qxd2+ 47. Kxd2 Kf6
48. Ke3 Nf8 49. Bg2 h4 50. Bh3 hxg3 51. hxg3 Ne6 52. Bg4 Nc7 53. Bc8 g5 54. Kf3
gxf4 55. gxf4 exf4 56. Kxf4 Ke7 57. Ke5 f6+ 58. Kf5 Kf7 59. e5 fxe5 60. Kxe5
Ke7 61. Bf5 Kd8 62. Kd6 Ne8+ 63. Kc6 Nf6 64. Kb7 Nd5 65. Kxa6 1-0

[Event "2. Bundesliga Ost 2015/2016"]
[Site "Stockerau"]
[Date "2016.04.02"]
[Round "9"]
[Board "1"]
[White "Baumegger, Siegfried"]
[Black "Loeffler, Stefan"]
[Result "0-1"]
[WhiteElo "2466"]
[BlackElo "2386"]
[PlyCount "76"]
[EventDate "2015.10.17"]
[EventType "team"]
[EventRounds "11"]
[EventCountry "AUT"]
[WhiteTeam "tschaturanga"]
[BlackTeam "ASVOE VHS Poechlarn"]

1. d4 e6 2. c4 c5 3. e3 d5 4. Nf3 Nf6 5. cxd5 exd5 6. Bb5+ Bd7 7. Bxd7+ Nbxd7
8. O-O c4 9. a4 Rc8 10. Bd2 Ne4 11. Nc3 Nxc3 12. Bxc3 Bd6 13. Qc2 O-O 14. e4
dxe4 15. Qxe4 Rc7 16. Ne5 Kh8 17. Rad1 f6 18. Nf3 Nb6 19. d5 Nxa4 20. Nd4 Re8
21. Ne6 Nc5 22. Qf5 Nxe6 23. dxe6 Rce7 24. Rfe1 Qb6 25. Rd4 Qc5 26. Rd5 Qc6 27.
Bxf6 gxf6 28. Qxf6+ Rg7 29. Rg5 Bf8 30. h4 Qd6 31. f4 Qe7 32. Qe5 b6 33. Kh2 h6
34. Rh5 Kg8 35. Kh3 Qd6 36. e7 Qd7+ 37. Qe6+ Qxe6+ 38. Rxe6 Rgxe7 0-1

[Event "2. Bundesliga Ost 2015/2016"]
[Site "Stockerau"]
[Date "2016.04.02"]
[Round "9"]
[Board "2"]
[White "Ganaus, Hannes"]
[Black "Wukits, Rene"]
[Result "1/2-1/2"]
[WhiteElo "2279"]
[BlackElo "2333"]
[PlyCount "100"]
[EventDate "2015.10.17"]
[EventType "team"]
[EventRounds "11"]
[EventCountry "AUT"]
[WhiteTeam "ASVOE VHS Poechlarn"]
[BlackTeam "tschaturanga"]

1. d4 d5 2. c4 dxc4 3. Nf3 Nf6 4. e3 Bg4 5. Bxc4 e6 6. Nc3 a6 7. h3 Bh5 8. g4
Bg6 9. Ne5 Bb4 10. Qa4+ Nc6 11. Nxc6 Bxc3+ 12. bxc3 Qd7 13. f3 Nd5 14. Bxd5
exd5 15. Ba3 Qxc6 16. Qxc6+ bxc6 17. Kd2 Kd7 18. h4 h5 19. g5 Rhe8 20. Rac1
Rab8 21. c4 Re6 22. Rc3 Rb1 23. Rhc1 Rxc1 24. Rxc1 Re8 25. cxd5 cxd5 26. Rc5 c6
27. Ra5 Ra8 28. Bc5 Kc7 29. Ra3 Bf5 30. Ke2 Bb1 31. Kd2 Bf5 32. Rb3 Re8 33.
Bb6+ Kc8 34. Ba5 Re6 35. Rb6 f6 36. gxf6 Rxf6 37. Rxa6 Bb1 38. a3 Ba2 39. Ra8+
Kb7 40. Rg8 Ka6 41. Bd8 Rxf3 42. Rxg7 Rf2+ 43. Kc3 Bb1 44. Be7 Rc2+ 45. Kb3 Rc4
46. Bc5 Bc2+ 47. Kb2 Bd1 48. Ra7+ Kb5 49. Rb7+ Ka4 50. Ra7+ Kb5 1/2-1/2

[Event "2. Bundesliga Ost 2015/2016"]
[Site "Stockerau"]
[Date "2016.04.02"]
[Round "9"]
[Board "3"]
[White "Sadilek, Peter"]
[Black "Wilke, Werner"]
[Result "1-0"]
[WhiteElo "2280"]
[BlackElo "2260"]
[PlyCount "53"]
[EventDate "2015.10.17"]
[EventType "team"]
[EventRounds "11"]
[EventCountry "AUT"]
[WhiteTeam "tschaturanga"]
[BlackTeam "ASVOE VHS Poechlarn"]

1. d4 Nf6 2. c4 c5 3. d5 e5 4. Nc3 d6 5. e4 Be7 6. Bd3 Nbd7 7. Nge2 h5 8. h4
Ng4 9. g3 a6 10. a3 b6 11. b4 Qc7 12. f3 Nh6 13. Be3 g6 14. Qd2 Bf8 15. O-O f5
16. Bg5 Bg7 17. Kg2 Rb8 18. Rae1 cxb4 19. axb4 Nf6 20. f4 Nxe4 21. Nxe4 fxe4
22. Bxe4 Nf5 23. fxe5 Qxc4 24. Nf4 Bxe5 25. Nxg6 Nxg3 26. Nxe5 Nxf1 27. Bg6+
 1-0

[Event "2. Bundesliga Ost 2015/2016"]
[Site "Stockerau"]
[Date "2016.04.02"]
[Round "9"]
[Board "4"]
[White "Ernst, Michael"]
[Black "Sadilek, Maximilian"]
[Result "1/2-1/2"]
[WhiteElo "2163"]
[BlackElo "2227"]
[PlyCount "143"]
[EventDate "2015.10.17"]
[EventType "team"]
[EventRounds "11"]
[EventCountry "AUT"]
[WhiteTeam "ASVOE VHS Poechlarn"]
[BlackTeam "tschaturanga"]

1. d4 g6 2. Bf4 Bg7 3. Nf3 d6 4. h3 c6 5. c3 Qb6 6. Qb3 Be6 7. Qxb6 axb6 8. a3
Nf6 9. Nbd2 Nh5 10. Bh2 f5 11. e3 Nd7 12. Be2 Nhf6 13. O-O h6 14. a4 O-O 15.
Ra3 Ne4 16. Rfa1 Ra7 17. Bd3 d5 18. Nb3 Rfa8 19. Nfd2 Nd6 20. Be2 Kf7 21. f3 c5
22. g4 Bf6 23. Bg3 h5 24. gxh5 gxh5 25. Kf2 f4 26. Bxf4 c4 27. Nc1 Bxh3 28. e4
e5 29. dxe5 Nxe5 30. exd5 Rg8 31. Bf1 Bh4+ 32. Ke2 Bxf1+ 33. Kxf1 Bg3 34. Ne2
Bxf4 35. Nxf4 h4 36. Kf2 Raa8 37. Rh1 Nf5 38. Raa1 Rae8 39. Ne4 Rg7 40. Rag1
Reg8 41. Rxg7+ Rxg7 42. Rd1 h3 43. Rh1 Nd3+ 44. Nxd3 Rg2+ 45. Ke1 cxd3 46. Rxh3
Ne3 47. Nf2 Rxf2 48. Kxf2 d2 49. Kxe3 d1=Q 50. Rh7+ Ke8 51. Rxb7 Qxd5 52. Ra7
Qe5+ 53. Kd3 Qb8 54. Rg7 Qf4 55. Ra7 Qxf3+ 56. Kc4 Qc6+ 57. Kb3 Qc5 58. Kc2
Qf5+ 59. Kb3 Kd8 60. Ka2 Qc5 61. Rh7 Qc4+ 62. Ka3 Qc5+ 63. Ka2 Qd5+ 64. Ka3
Qd6+ 65. Ka2 Qe6+ 66. Ka3 Kc8 67. Rh4 Qe7+ 68. Rb4 Kc7 69. Kb3 Qe6+ 70. Ka3 Kc6
71. Rd4 Qe7+ 72. Ka2 1/2-1/2

[Event "2. Bundesliga Ost 2015/2016"]
[Site "Stockerau"]
[Date "2016.04.02"]
[Round "9"]
[Board "5"]
[White "Leitner, Gerald"]
[Black "Lammer, Stefan"]
[Result "1-0"]
[WhiteElo "2216"]
[BlackElo "2073"]
[PlyCount "99"]
[EventDate "2015.10.17"]
[EventType "team"]
[EventRounds "11"]
[EventCountry "AUT"]
[WhiteTeam "tschaturanga"]
[BlackTeam "ASVOE VHS Poechlarn"]

1. Nf3 Nf6 2. c4 g6 3. Nc3 Bg7 4. d4 d5 5. Bg5 Ne4 6. cxd5 Nxg5 7. Nxg5 c6 8.
e3 cxd5 9. Qb3 e6 10. f4 O-O 11. Bd3 Nc6 12. Nf3 Qe7 13. O-O Bd7 14. Rfc1 Rfc8
15. Qd1 Be8 16. Qe2 f6 17. g4 Kh8 18. g5 fxg5 19. Nxg5 Nb4 20. Nf3 Nxd3 21.
Qxd3 a6 22. Nd1 Rc7 23. Rc3 Rac8 24. Rac1 Bb5 25. Qd2 Kg8 26. Nf2 h6 27. Ng4 g5
28. fxg5 hxg5 29. Rxc7 Rxc7 30. Rxc7 Qxc7 31. Nxg5 e5 32. Nxe5 Bxe5 33. dxe5
Qxe5 34. Nf3 Qe4 35. Kf2 Qc4 36. b3 Qf1+ 37. Kg3 Bd3 38. Qg2 Qc1 39. Kf4+ Kf8
40. Qg5 Be4 41. Qd8+ Kg7 42. Qd7+ Kf6 43. Qd6+ Kg7 44. Qe7+ Kg8 45. Ng5 Qf1+
46. Ke5 Qf5+ 47. Kd4 Qf2 48. Qe8+ Kg7 49. Ne6+ Kh6 50. Qh8+ 1-0

[Event "2. Bundesliga Ost 2015/2016"]
[Site "Stockerau"]
[Date "2016.04.02"]
[Round "9"]
[Board "6"]
[White "Gattermayer, Robert"]
[Black "Morgunov, Daniel"]
[Result "0-1"]
[WhiteElo "2007"]
[BlackElo "2109"]
[PlyCount "50"]
[EventDate "2015.10.17"]
[EventType "team"]
[EventRounds "11"]
[EventCountry "AUT"]
[WhiteTeam "ASVOE VHS Poechlarn"]
[BlackTeam "tschaturanga"]

1. e4 e5 2. Nf3 d6 3. d4 exd4 4. Qxd4 Nf6 5. Bg5 Be7 6. Nc3 O-O 7. O-O-O c5 8.
Qd2 Nc6 9. Kb1 a6 10. Bxf6 Bxf6 11. Qxd6 Qa5 12. Nd5 Be6 13. Be2 Bxd5 14. Qxd5
Rfd8 15. Qf5 Re8 16. a3 Qb6 17. b3 Qa5 18. e5 Nxe5 19. Nxe5 Rxe5 20. Qd3 Qxa3
21. c4 Rxe2 22. Qxe2 Qa1+ 23. Kc2 Qb2+ 24. Kd3 Rd8+ 25. Ke3 Re8+ 0-1

[Event "2. Bundesliga Ost 2015/2016"]
[Site "Stockerau"]
[Date "2016.04.02"]
[Round "9"]
[Board "1"]
[White "Kummer, Helmut"]
[Black "Lizak, Peter"]
[Result "0-1"]
[WhiteElo "2295"]
[BlackElo "2449"]
[PlyCount "130"]
[EventDate "2015.10.17"]
[EventType "team"]
[EventRounds "11"]
[EventCountry "AUT"]
[WhiteTeam "SK Purbach"]
[BlackTeam "SC Data Technology Pressbaum/E."]

1. d4 e6 2. c4 b6 3. Nf3 Bb7 4. g3 Bb4+ 5. Nc3 Nf6 6. Bg2 Bxc3+ 7. bxc3 O-O 8.
Ba3 d6 9. c5 Nc6 10. cxd6 cxd6 11. Nd2 Qc7 12. O-O Rfd8 13. Rc1 Na5 14. Bxb7
Qxb7 15. c4 Rac8 16. f3 b5 17. cxb5 Qxb5 18. Rxc8 Rxc8 19. e4 d5 20. Bc5 Nc4
21. Nxc4 Qxc4 22. Qb1 Qa6 23. Rf2 dxe4 24. fxe4 Ng4 25. Qf1 Qb7 26. Re2 h5 27.
h3 Nf6 28. Qf3 Nd7 29. Qb3 Nxc5 30. dxc5 Qxb3 31. axb3 Rxc5 32. Ra2 a5 33. h4
Rb5 34. Kf2 Kh7 35. Ra4 Kg6 36. Kg2 Kf6 37. Kf2 Ke5 38. Kg2 g6 39. Kf2 Rxb3 40.
Rxa5+ Kxe4 41. Ra4+ Ke5 42. Ra5+ Kf6 43. Ra7 e5 44. Rc7 Ke6 45. Ra7 f6 46. Rc7
Kf5 47. Rc6 Rb2+ 48. Ke3 e4 49. Rc5+ Kg4 50. Rc6 Rb3+ 51. Kxe4 Rxg3 52. Rxf6
Kxh4 53. Rf1 g5 54. Kf5 g4 55. Kg6 Rf3 56. Rh1+ Rh3 57. Rg1 Rh2 58. Ra1 g3 59.
Ra4+ Kh3 60. Kxh5 Rb2 61. Rh4+ Kg2 62. Rg4 Kf3 63. Kh4 Rh2+ 64. Kg5 Rh8 65.
Rf4+ Ke3 0-1

[Event "2. Bundesliga Ost 2015/2016"]
[Site "Stockerau"]
[Date "2016.04.02"]
[Round "9"]
[Board "2"]
[White "Videki, Sandor"]
[Black "Wiedermann, Daniel"]
[Result "1-0"]
[WhiteElo "2400"]
[BlackElo "2135"]
[PlyCount "165"]
[EventDate "2015.10.17"]
[EventType "team"]
[EventRounds "11"]
[EventCountry "AUT"]
[WhiteTeam "SC Data Technology Pressbaum/E."]
[BlackTeam "SK Purbach"]

1. d4 Nf6 2. c4 g6 3. Nc3 Bg7 4. e4 d6 5. h3 O-O 6. Nf3 e5 7. d5 a5 8. g4 Nfd7
9. Be3 Na6 10. a3 Nac5 11. Qc2 a4 12. Nd2 Nb6 13. Rg1 Kh8 14. O-O-O f5 15. gxf5
gxf5 16. Kb1 c6 17. Bxc5 dxc5 18. dxc6 bxc6 19. Bd3 f4 20. Be2 Be6 21. Ka1 Bf6
22. Nf3 Qe7 23. Nb1 Bf7 24. Nbd2 Rfd8 25. Qc3 Nd7 26. Nb1 Bg6 27. Qc2 Bf7 28.
Rd2 Nb6 29. Rgd1 Qe6 30. Rxd8+ Rxd8 31. Rxd8+ Bxd8 32. Nbd2 h6 33. Qc3 Bc7 34.
Bf1 Kh7 35. Kb1 Qd6 36. Kc1 Nd7 37. Qc2 Nb6 38. Nb1 Bd8 39. Qc3 Bc7 40. Nbd2
Nd7 41. Kc2 Nf8 42. Kc1 Nd7 43. Be2 Nb6 44. Bd1 Be6 45. h4 Bf7 46. b3 axb3 47.
Bxb3 Be6 48. Bc2 Kg6 49. Bd1 Kf6 50. Bc2 Nd7 51. Nb3 Nb6 52. Nfd2 Bf7 53. Bd1
Be6 54. Be2 Nd7 55. Qf3 Qf8 56. Kb2 Qg8 57. Qh1 Nb6 58. Nxc5 Nxc4+ 59. Bxc4
Bxc4 60. Qh3 Be6 61. Nxe6 Qxe6 62. Qxe6+ Kxe6 63. Nc4 h5 64. Nd2 Bb6 65. Kc3
Bxf2 66. Nf3 Kd6 67. Kc4 Bb6 68. a4 Bd8 69. Kb4 Bc7 70. Ng5 Bb6 71. Nf3 Bf2 72.
Kc4 Ba7 73. Kb4 Be3 74. Kc4 Bf2 75. Kb4 Kc7 76. Kc4 Kb6 77. Nxe5 Bxh4 78. Nf3
Bf2 79. e5 Kc7 80. a5 Ba7 81. a6 Kd7 82. Nd4 Bb8 83. e6+ 1-0

[Event "2. Bundesliga Ost 2015/2016"]
[Site "Stockerau"]
[Date "2016.04.02"]
[Round "9"]
[Board "3"]
[White "Zimmermann, Heinz"]
[Black "Neumeier, Klaus"]
[Result "0-1"]
[WhiteElo "2179"]
[BlackElo "2284"]
[PlyCount "136"]
[EventDate "2015.10.17"]
[EventType "team"]
[EventRounds "11"]
[EventCountry "AUT"]
[WhiteTeam "SK Purbach"]
[BlackTeam "SC Data Technology Pressbaum/E."]

1. d4 Nf6 2. Bg5 e6 3. Nd2 c5 4. e3 b6 5. Ngf3 Bb7 6. Bd3 Be7 7. O-O O-O 8. c3
h6 9. Bh4 d6 10. Qe2 Nbd7 11. Rfd1 Rc8 12. Ba6 Qc7 13. a4 Bxa6 14. Qxa6 Nb8 15.
Qe2 Nc6 16. Bxf6 Bxf6 17. Ne4 Be7 18. d5 Na5 19. b4 cxb4 20. cxb4 Qc4 21. Qxc4
Rxc4 22. dxe6 fxe6 23. bxa5 Rxe4 24. axb6 axb6 25. a5 bxa5 26. Rxa5 Rb4 27. h3
Rb2 28. Raa1 e5 29. Rab1 Rfb8 30. Rxb2 Rxb2 31. Nd2 Rc2 32. e4 Bd8 33. Nf3 Bb6
34. Rxd6 Bxf2+ 35. Kf1 Bg3 36. Rd5 Rf2+ 37. Kg1 Re2 38. Nd2 Bf4 39. Nf3 Rxe4
40. Kf2 Kf7 41. Rd7+ Kf6 42. Rd6+ Ke7 43. Rg6 Kf7 44. Ra6 Rb4 45. Ra2 e4 46.
Ne1 Rb3 47. Nc2 Rd3 48. Ne1 Bg3+ 49. Ke2 Bxe1 50. Kxe1 Kf6 51. Kf2 Rb3 52. Ra5
g6 53. Ra6+ Kf5 54. g4+ Kf4 55. Rf6+ Kg5 56. Re6 Kf4 57. Rf6+ Ke5 58. Rxg6 Rxh3
59. Kg2 Rh4 60. Kg3 Rh1 61. Kg2 e3 62. Kf3 Rh3+ 63. Ke2 Kf4 64. Re6 Rh2+ 65.
Kf1 Kf3 66. Rf6+ Kxg4 67. Kg1 Rh5 68. Kf1 Rf5+ 0-1

[Event "2. Bundesliga Ost 2015/2016"]
[Site "Stockerau"]
[Date "2016.04.02"]
[Round "9"]
[Board "4"]
[White "Weissenbeck, Manuel"]
[Black "Rainprecht, Bernhard"]
[Result "1/2-1/2"]
[WhiteElo "2246"]
[BlackElo "2104"]
[PlyCount "30"]
[EventDate "2015.10.17"]
[EventType "team"]
[EventRounds "11"]
[EventCountry "AUT"]
[WhiteTeam "SC Data Technology Pressbaum/E."]
[BlackTeam "SK Purbach"]

1. d4 Nf6 2. Nf3 e6 3. c4 b6 4. Nc3 Bb7 5. Bg5 Be7 6. Qc2 h6 7. Bh4 O-O 8. e4
d6 9. Be2 Nbd7 10. O-O Nh5 11. Bxe7 Qxe7 12. g3 f5 13. d5 fxe4 14. Qxe4 Nhf6
15. Qg6 exd5 1/2-1/2

[Event "2. Bundesliga Ost 2015/2016"]
[Site "Stockerau"]
[Date "2016.04.02"]
[Round "9"]
[Board "5"]
[White "Heiny, Michael"]
[Black "Hechl, Gerald"]
[Result "0-1"]
[WhiteElo "2046"]
[BlackElo "2205"]
[PlyCount "62"]
[EventDate "2015.10.17"]
[EventType "team"]
[EventRounds "11"]
[EventCountry "AUT"]
[WhiteTeam "SK Purbach"]
[BlackTeam "SC Data Technology Pressbaum/E."]

1. d4 e6 2. c4 b6 3. Nc3 Bb7 4. e4 Bb4 5. Bd3 f5 6. Qc2 Nf6 7. Bg5 fxe4 8. Be2
c5 9. O-O-O cxd4 10. Rxd4 h6 11. Bh4 Bxc3 12. Qxc3 O-O 13. Nh3 Qe7 14. Rhd1 d5
15. cxd5 exd5 16. Kb1 g5 17. Nxg5 hxg5 18. Bxg5 Qg7 19. Qg3 Nbd7 20. Qh4 Qg6
21. Ka1 Rf7 22. f3 Nc5 23. fxe4 Ncxe4 24. Bxf6 Qxf6 25. Qg4+ Rg7 26. Qh5 Rg5
27. Qh4 Rc8 28. a3 Kg7 29. Bf3 Nd6 30. Bxd5 Nf5 31. Qf2 Nxd4 0-1

[Event "2. Bundesliga Ost 2015/2016"]
[Site "Stockerau"]
[Date "2016.04.02"]
[Round "9"]
[Board "6"]
[White "Hudec, Marcus"]
[Black "Mesaros, Sebastian"]
[Result "1/2-1/2"]
[WhiteElo "2041"]
[BlackElo "1870"]
[PlyCount "28"]
[EventDate "2015.10.17"]
[EventType "team"]
[EventRounds "11"]
[EventCountry "AUT"]
[WhiteTeam "SC Data Technology Pressbaum/E."]
[BlackTeam "SK Purbach"]

1. Nf3 Nf6 2. g3 e6 3. c4 d5 4. Bg2 dxc4 5. Qa4+ Bd7 6. Qxc4 c5 7. Qc2 Nc6 8.
O-O Be7 9. b3 Rc8 10. Qd1 O-O 11. Bb2 a6 12. d3 b5 13. Nbd2 Qb6 14. a3 Rfd8
 1/2-1/2

[Event "2. Bundesliga Ost 2015/2016"]
[Site "Wien"]
[Date "2016.04.09"]
[Round "10"]
[Board "1"]
[White "Jankovic, Alojzije"]
[Black "Lizak, Peter"]
[Result "1/2-1/2"]
[WhiteElo "2559"]
[BlackElo "2449"]
[PlyCount "35"]
[EventDate "2015.10.17"]
[EventType "team"]
[EventRounds "11"]
[EventCountry "AUT"]
[WhiteTeam "SK Advisory Invest Baden"]
[BlackTeam "SC Data Technology Pressbaum/E."]

1. d4 e6 2. c4 Nf6 3. Nf3 c5 4. d5 exd5 5. cxd5 d6 6. e4 Bg4 7. Nbd2 Be7 8. Be2
O-O 9. O-O Re8 10. h3 Bh5 11. Qc2 Bf8 12. Bd3 Nbd7 13. Nh2 Bg6 14. b3 Ne5 15.
Bb5 Ned7 16. Bd3 Ne5 17. Bb5 Ned7 18. Bd3 1/2-1/2

[Event "2. Bundesliga Ost 2015/2016"]
[Site "Wien"]
[Date "2016.04.09"]
[Round "10"]
[Board "2"]
[White "Videki, Sandor"]
[Black "Juenger, Heinz"]
[Result "1-0"]
[WhiteElo "2400"]
[BlackElo "2123"]
[PlyCount "41"]
[EventDate "2015.10.17"]
[EventType "team"]
[EventRounds "11"]
[EventCountry "AUT"]
[WhiteTeam "SC Data Technology Pressbaum/E."]
[BlackTeam "SK Advisory Invest Baden"]

1. c4 c5 2. Nf3 Nc6 3. Nc3 Nf6 4. d4 cxd4 5. Nxd4 g6 6. e4 Bg7 7. Be3 Ng4 8.
Qxg4 Nxd4 9. Qd1 Ne6 10. Rc1 Qa5 11. Qd2 g5 12. h4 h6 13. b3 Qe5 14. g3 g4 15.
Bg2 d6 16. Nd5 Bd7 17. O-O h5 18. Rfd1 Bc6 19. Rc2 b6 20. Bf4 Qd4 21. Qc1 1-0

[Event "2. Bundesliga Ost 2015/2016"]
[Site "Wien"]
[Date "2016.04.09"]
[Round "10"]
[Board "3"]
[White "Zojer, Stefan"]
[Black "Rumpl, Erwin"]
[Result "0-1"]
[WhiteElo "2109"]
[BlackElo "2334"]
[PlyCount "76"]
[EventDate "2015.10.17"]
[EventType "team"]
[EventRounds "11"]
[EventCountry "AUT"]
[WhiteTeam "SK Advisory Invest Baden"]
[BlackTeam "SC Data Technology Pressbaum/E."]

1. e4 b6 2. d4 Bb7 3. Nc3 e6 4. a3 Nf6 5. e5 Nd5 6. Nf3 Nxc3 7. bxc3 d6 8. Bd3
Nd7 9. Bf4 Be7 10. O-O g5 11. Bg3 h5 12. h3 g4 13. hxg4 hxg4 14. Nh2 dxe5 15.
dxe5 Nc5 16. Bb5+ c6 17. Bd3 Nxd3 18. cxd3 Qd5 19. Nxg4 O-O-O 20. d4 c5 21. Ne3
Qe4 22. Qc2 cxd4 23. Qxe4 Bxe4 24. cxd4 Rxd4 25. Rfc1+ Bc5 26. Nc4 Kd7 27. Nd6
f5 28. Rd1 Rxd1+ 29. Rxd1 Kc6 30. Bf4 Bd5 31. Rc1 Rg8 32. Be3 Bxg2 33. Kh2 Be4
34. Rc4 Kd5 35. Bxc5 bxc5 36. f4 Rg2+ 37. Kh3 Rf2 38. Ra4 Rxf4 0-1